Salud, trabajo y medio ambiente en el sector agroindustrial / (Registro nro. 7214)

Detalles MARC
000 -LEADER
fixed length control field 01224nam a22002537a 4500
003 - CONTROL NUMBER IDENTIFIER
control field OSt
005 - DATE AND TIME OF LATEST TRANSACTION
control field 20210217121745.0
008 - FIXED-LENGTH DATA ELEMENTS--GENERAL INFORMATION
fixed length control field 210217s1998 ck a|||gr|||| 00| 0 spa d
020 ## - INTERNATIONAL STANDARD BOOK NUMBER
International Standard Book Number 8001501
040 ## - CATALOGING SOURCE
Original cataloging agency CO-JMCR
Transcribing agency CO-JMCR
041 0# - LANGUAGE CODE
Language code of text/sound track or separate title spa
082 04 - DEWEY DECIMAL CLASSIFICATION NUMBER
Classification number 363.119 /
Item number I597s
Edition number 23
110 2# - MAIN ENTRY--CORPORATE NAME
Corporate name or jurisdiction name as entry element Instituto de Seguros Sociales.
9 (RLIN) 13566
245 10 - TITLE STATEMENT
Title Salud, trabajo y medio ambiente en el sector agroindustrial /
Statement of responsibility, etc. Instituto de Seguros Sociales
250 ## - EDITION STATEMENT
Edition statement Primera edición
260 ## - PUBLICATION, DISTRIBUTION, ETC.
Place of publication, distribution, etc. [Bogotá] :
Name of publisher, distributor, etc. Seguro Social,
Date of publication, distribution, etc. 1998
300 ## - PHYSICAL DESCRIPTION
Extent 36 páginas :
Other physical details ilustraciones a color ;
Dimensions 22 cm.
505 0# - FORMATTED CONTENTS NOTE
Formatted contents note Proceso de trabajo en el sector agroindustrial -- Factores de riesgo, daños a la salud y mecanismos de control -- Impacto ambiental
520 3# - SUMMARY, ETC.
Summary, etc. Este documento es el resultado de las actividades desarrolladas en el programa de investigación, educación y acción en salud de los trabajadores y del medio ambiente, en el sector agroindustrial. Deseamos que sus contenidos se conviertan en una herramienta de reflexión para todos los trabajadores.
650 14 - SUBJECT ADDED ENTRY--TOPICAL TERM
Topical term or geographic name entry element Salud ocupacional
9 (RLIN) 891
650 24 - SUBJECT ADDED ENTRY--TOPICAL TERM
Topical term or geographic name entry element Enfermedades profesionales
9 (RLIN) 13567
650 24 - SUBJECT ADDED ENTRY--TOPICAL TERM
Topical term or geographic name entry element Trabajadores de procesamiento agrícola
9 (RLIN) 13568
942 ## - ADDED ENTRY ELEMENTS (KOHA)
Source of classification or shelving scheme Dewey Decimal Classification
Koha item type Books
Existencias
Withdrawn status Lost status Source of classification or shelving scheme Damaged status Not for loan Collection code Home library Current library Date acquired Source of acquisition Full call number Barcode Date last seen Copy number Price effective from Koha item type
    Dewey Decimal Classification     Non-fiction Biblioteca Pública José María del Castillo y Rada Biblioteca Pública José María del Castillo y Rada 10/02/2020 Donación 363.119 / I597s 201810376 05/16/2024 Ej.1 02/17/2021 Books